000 00249nam a2200121 a 4500
005 20260322212058.0
008 data
092 _a278
100 1 _aSam Smith
245 1 4 _aThe thrill of it all
_cSam Smith.
260 _bUniversal Music
_c2017
001 data
999 _c1377
_d1377